Effektivnosť sredstva massovoj informacii

Guardado en:
Detalles Bibliográficos
Formato: Libro
Publicado: Minsk : Nauka i technika, 1986
Etiquetas: Agregar Etiqueta
Sin Etiquetas, Sea el primero en etiquetar este registro!

MARC

LEADER 00000nam a22000003a 4500
001 stu19433
005 20141122080915.8
008 ------s1986----xxr---------------------d
040 |a STU  |b slo 
041 0
044 |a xxr 
080 |a 007 
245 |a Effektivnosť sredstva massovoj informacii 
260 |a Minsk :  |b Nauka i technika,  |c 1986 
300 |a 157 s :  |b Tab.,lit 
996 |b C77529  |c C*77529  |l CCVIIIB  |s P  |a 0  |w stu19433_0001